[Event "DSJ Weihnachtsturnier U16: Lasker 2020"]
[Site ""]
[Date "2020.12.28"]
[Round "6"]
[White "Borodaev, Roman"]
[Black "Wander, Dennis"]
[Result "0-1"]
[Termination "normal"]
[Board "3.4"]
[WhiteElo "1657"]
[BlackElo "1595"]
[WhiteTeam "Karlsruher SF 1853"]
[BlackTeam "Delmenhorster SK V 1931"]
[PlyCount "46"]
[WhiteFideId "16274881"]
[BlackFideId "16276523"]
[EventRounds "7"]
[EventType "team-swiss"]
[EventDate "2020.12.28"]

1. e4 {[%emt 0:00:04]} e5 {[%emt 0:00:03]} 2. Nf3 {[%emt 0:00:01]} Nc6 { [%emt
0:00:05]} 3. Bb5 {[%emt 0:00:01]} a6 {[%emt 0:00:02]} 4. Ba4 {[%emt 0:00:01]}
Nf6 {[%emt 0:00:04]} 5. O-O {[%emt 0:00:02]} b5 {[%emt 0:00:03]} 6. Bb3 { [%emt
0:00:01]} Be7 {[%emt 0:00:02]} 7. Re1 {[%emt 0:00:02]} O-O {[%emt 0:00:13]} 8.
c3 {[%emt 0:00:02]} Bb7 {[%emt 0:00:05]} 9. d4 {[%emt 0:00:01]} exd4 { [%emt
0:00:02]} 10. cxd4 {[%emt 0:00:00]} Na5 {[%emt 0:00:01]} 11. Bc2 { [%emt
0:00:04]} Bb4 {[%emt 0:00:04]} 12. Nc3 {[%emt 0:00:04]} Nc4 {[%emt 0:00:02]}
13. a3 {[%emt 0:00:13]} Bxc3 {[%emt 0:00:02]} 14. bxc3 {[%emt 0:00:02]} Re8
{[%emt 0:00:04]} 15. e5 {[%emt 0:00:15]} Nd5 {[%emt 0:00:09]} 16. Qd3 { [%emt
0:00:09]} g6 {[%emt 0:00:02]} 17. Bb3 {[%emt 0:00:13]} Ndb6 {[%emt 0:00:05]}
18. Bg5 {[%emt 0:00:05]} Qc8 {[%emt 0:00:09]} 19. Bf6 {[%emt 0:00:02]} h6
{[%emt 0:00:05]} 20. Nh4 {[%emt 0:00:03]} Kh7 {[%emt 0:00:02]} 21. Nf5 { [%emt
0:00:37]} d6 {[%emt 0:00:10]} 22. Ne7 {[%emt 0:02:27]} Qg4 {[%emt 0:00:10]} 23.
h3 {[%emt 0:00:03]} Qxg2# {[%emt 0:00:03]} 0-1

[Event "DSJ Weihnachtsturnier U16: Lasker 2020"]
[Site ""]
[Date "2020.12.28"]
[Round "6"]
[White "Nguyen, Alex Dac-Vuong"]
[Black "Hommer, Jeremy"]
[Result "1-0"]
[Termination "normal"]
[Board "4.1"]
[WhiteTitle "FM"]
[WhiteElo "2307"]
[BlackElo "2180"]
[WhiteTeam "Schachgemeinschaft Leipzig"]
[BlackTeam "SC Turm Lüneburg"]
[PlyCount "87"]
[WhiteFideId "12984388"]
[BlackFideId "12992577"]
[EventRounds "7"]
[EventType "team-swiss"]
[EventDate "2020.12.28"]

1. e4 {[%emt 0:00:05]} c6 {[%emt 0:00:02]} 2. d4 {[%emt 0:00:03]} d5 {[%emt
0:00:01]} 3. exd5 {[%emt 0:00:00]} cxd5 {[%emt 0:00:01]} 4. c4 {[%emt 0:00:00]}
Nf6 {[%emt 0:00:01]} 5. Nc3 {[%emt 0:00:01]} Nc6 {[%emt 0:00:01]} 6. Bg5 {
[%emt 0:00:01]} e6 {[%emt 0:00:03]} 7. Nf3 {[%emt 0:00:02]} Be7 {[%emt 0:00:04]
} 8. Rc1 {[%emt 0:00:01]} O-O {[%emt 0:00:02]} 9. c5 {[%emt 0:00:09]} Ne4 {
[%emt 0:00:04]} 10. Bxe7 {[%emt 0:00:02]} Qxe7 {[%emt 0:00:12]} 11. Be2 { [%emt
0:00:07]} f5 {[%emt 0:00:04]} 12. O-O {[%emt 0:00:06]} Bd7 {[%emt 0:00:09]} 13.
Re1 {[%emt 0:00:08]} Be8 {[%emt 0:00:03]} 14. Bb5 {[%emt 0:00:38]} Bh5 {[%emt
0:00:08]} 15. Bxc6 {[%emt 0:00:05]} bxc6 {[%emt 0:00:00]} 16. Qd3 { [%emt
0:00:03]} Bxf3 {[%emt 0:00:04]} 17. Qxf3 {[%emt 0:00:00]} Rf6 {[%emt 0:00:06]}
18. Qd3 {[%emt 0:00:03]} Rh6 {[%emt 0:00:11]} 19. f3 {[%emt 0:02:02]} Qh4
{[%emt 0:00:12]} 20. fxe4 {[%emt 0:00:28]} Qxh2+ {[%emt 0:00:03]} 21. Kf2 {
[%emt 0:00:05]} fxe4 {[%emt 0:00:02]} 22. Nxe4 {[%emt 0:00:03]} Rf8+ {[%emt
0:00:16]} 23. Ke3 {[%emt 0:00:11]} dxe4 {[%emt 0:00:14]} 24. Qxe4 {[%emt
0:00:02] } Qg3+ {[%emt 0:00:05]} 25. Kd2 {[%emt 0:00:03]} Rf4 {[%emt 0:00:33]}
26. Qe5 { [%emt 0:01:01]} Rhf6 {[%emt 0:00:52]} 27. Re2 {[%emt 0:00:09]} Qg4
{[%emt 0:00:24]} 28. Kd3 {[%emt 0:00:09]} R4f5 {[%emt 0:00:22]} 29. Qe4 {[%emt
0:00:09]} Qg3+ {[%emt 0:00:06]} 30. Re3 {[%emt 0:00:12]} Qg5 {[%emt 0:00:12]}
31. Qxc6 { [%emt 0:00:13]} Rd5 {[%emt 0:00:07]} 32. Qe8+ {[%emt 0:00:07]} Rf8
{[%emt 0:00:08]} 33. Qxe6+ {[%emt 0:00:01]} Kh8 {[%emt 0:00:00]} 34. Qe4 {[%emt
0:00:10]} Rxd4+ {[%emt 0:00:31]} 35. Qxd4 {[%emt 0:00:14]} Rd8 {[%emt 0:00:02]}
36. Kc3 { [%emt 0:00:08]} h5 {[%emt 0:00:35]} 37. Qe5 {[%emt 0:00:14]} Qxg2
{[%emt 0:00:08]} 38. Qxh5+ {[%emt 0:00:06]} Kg8 {[%emt 0:00:03]} 39. Re8+
{[%emt 0:00:05]} Rxe8 {[%emt 0:00:04]} 40. Qxe8+ {[%emt 0:00:00]} Kh7 {[%emt
0:00:02]} 41. Re1 { [%emt 0:00:03]} Qf3+ {[%emt 0:00:06]} 42. Re3 {[%emt
0:00:06]} Qf1 {[%emt 0:00:16]} 43. Qh5+ {[%emt 0:00:06]} Kg8 {[%emt 0:00:03]}
44. Re8+ {[%emt 0:00:01]} 1-0

[Event "DSJ Weihnachtsturnier U16: Lasker 2020"]
[Site ""]
[Date "2020.12.28"]
[Round "6"]
[White "Wusterack, Paul"]
[Black "Haufe, Laurin"]
[Result "0-1"]
[Termination "normal"]
[Board "4.2"]
[WhiteElo "1649"]
[BlackElo "2052"]
[WhiteTeam "SC Turm Lüneburg"]
[BlackTeam "Schachgemeinschaft Leipzig"]
[PlyCount "111"]
[WhiteFideId "16255356"]
[BlackFideId "12976504"]
[EventRounds "7"]
[EventType "team-swiss"]
[EventDate "2020.12.28"]

1. e4 {[%emt 0:00:07]} c5 {[%emt 0:00:01]} 2. Nf3 {[%emt 0:00:01]} d6 {[%emt
0:00:01]} 3. d4 {[%emt 0:00:05]} cxd4 {[%emt 0:00:00]} 4. Nxd4 {[%emt 0:00:00]}
Nf6 {[%emt 0:00:01]} 5. Nc3 {[%emt 0:00:01]} a6 {[%emt 0:00:01]} 6. Be3 { [%emt
0:00:01]} e5 {[%emt 0:00:01]} 7. Nb3 {[%emt 0:00:01]} Be7 {[%emt 0:00:01] } 8.
f3 {[%emt 0:00:01]} O-O {[%emt 0:00:01]} 9. Be2 {[%emt 0:00:02]} Be6 { [%emt
0:00:01]} 10. O-O {[%emt 0:00:03]} Nbd7 {[%emt 0:00:03]} 11. Qd2 { [%emt
0:00:01]} b5 {[%emt 0:00:04]} 12. Rad1 {[%emt 0:00:08]} Nb6 {[%emt 0:00:09]}
13. Nc1 {[%emt 0:00:14]} b4 {[%emt 0:00:16]} 14. Nb1 {[%emt 0:00:29]} a5 {
[%emt 0:00:04]} 15. c3 {[%emt 0:00:12]} Nc4 {[%emt 0:00:19]} 16. Bxc4 {[%emt
0:00:03]} Bxc4 {[%emt 0:00:00]} 17. Rfe1 {[%emt 0:00:04]} d5 {[%emt 0:00:18]}
18. exd5 {[%emt 0:00:46]} Nxd5 {[%emt 0:00:00]} 19. Bf2 {[%emt 0:00:06]} Bg5 {
[%emt 0:00:26]} 20. Qc2 {[%emt 0:00:10] SGLeipz3-002 reconnected.} Bxc1 { [%emt
0:00:09]} 21. Qxc1 {[%emt 0:00:05]} Bxa2 {[%emt 0:00:18]} 22. cxb4 { [%emt
0:00:09]} axb4 {[%emt 0:00:13]} 23. Rxe5 {[%emt 0:00:31]} f6 {[%emt 0:00:11]}
24. Re2 {[%emt 0:00:11]} Qa5 {[%emt 0:00:16]} 25. Qc5 {[%emt 0:00:39]} Qxc5
{[%emt 0:00:17]} 26. Bxc5 {[%emt 0:00:00]} Rfc8 {[%emt 0:00:02]} 27. Bf2 {
[%emt 0:00:09]} Bb3 {[%emt 0:00:31]} 28. Rde1 {[%emt 0:00:10]} Nf4 {[%emt
0:00:21]} 29. Rd2 {[%emt 0:00:19]} Ra1 {[%emt 0:00:19]} 30. g3 {[%emt 0:00:18]}
Nh3+ {[%emt 0:00:08]} 31. Kg2 {[%emt 0:00:02]} Nxf2 {[%emt 0:00:02]} 32. Kxf2 {
[%emt 0:00:05]} Ba2 {[%emt 0:00:01]} 33. Rdd1 {[%emt 0:00:03]} Rc2+ {[%emt
0:00:02]} 34. Rd2 {[%emt 0:00:11]} Rc8 {[%emt 0:01:26]} 35. Rdd1 {[%emt
0:00:18]} Kf7 {[%emt 0:00:15]} 36. Rd7+ {[%emt 0:00:19]} Kg6 {[%emt 0:00:11]}
37. Nd2 { [%emt 0:00:39]} Rxe1 {[%emt 0:00:03]} 38. Kxe1 {[%emt 0:00:02]} Rc2
{[%emt 0:00:07]} 39. b3 {[%emt 0:00:22] SGLeipz3-002 reconnected. Lueneburg002
offers a draw} Rc3 {[%emt 0:00:34]} 40. Rb7 {[%emt 0:00:12]} Bxb3 {[%emt
0:00:09]} 41. Rxb4 {[%emt 0:00:05]} Bd5 {[%emt 0:00:06]} 42. f4 {[%emt
0:00:07]} Bc6 { [%emt 0:00:20]} 43. Rc4 {[%emt 0:00:10]} Re3+ {[%emt 0:00:35]}
44. Kf2 { [%emt 0:00:06]} Rd3 {[%emt 0:00:02]} 45. Ne4 {[%emt 0:00:31]} Bd5
{[%emt 0:00:22]} 46. Rb4 {[%emt 0:00:09]} Kf5 {[%emt 0:00:10]} 47. Nd6+ {[%emt
0:00:24]} Kg4 {[%emt 0:00:28]} 48. f5+ {[%emt 0:00:18]} Kg5 {[%emt 0:00:13]}
49. h4+ { [%emt 0:00:24]} Kh5 {[%emt 0:00:24]} 50. Ne4 {[%emt 0:00:16]} Rb3
{[%emt 0:00:39]} 51. Rxb3 {[%emt 0:00:14]} Bxb3 {[%emt 0:00:00]} 52. Kf3 {[%emt
0:00:33]} Bd5 {[%emt 0:00:02]} 53. Kg2 {[%emt 0:00:55]} Bxe4+ {[%emt 0:00:01]}
54. Kh3 { [%emt 0:00:02]} Bxf5+ {[%emt 0:00:01]} 55. g4+ {[%emt 0:00:02]} Bxg4+
{[%emt 0:00:01]} 56. Kg3 {[%emt 0:00:00]} 0-1

[Event "DSJ Weihnachtsturnier U16: Lasker 2020"]
[Site ""]
[Date "2020.12.28"]
[Round "6"]
[White "Schäfer, Konstantin"]
[Black "Rennkamp, David"]
[Result "0-1"]
[Termination "normal"]
[Board "4.3"]
[WhiteElo "1754"]
[BlackElo "1371"]
[WhiteTeam "Schachgemeinschaft Leipzig"]
[BlackTeam "SC Turm Lüneburg"]
[PlyCount "32"]
[WhiteFideId "16240510"]
[BlackFideId "16249526"]
[EventRounds "7"]
[EventType "team-swiss"]
[EventDate "2020.12.28"]

1. e4 {[%emt 0:00:03]} e5 {[%emt 0:00:13]} 2. Nf3 {[%emt 0:00:04]} Nc6 { [%emt
0:00:04]} 3. Bc4 {[%emt 0:00:01]} Bc5 {[%emt 0:00:02]} 4. b4 {[%emt 0:00:02]}
Bb6 {[%emt 0:00:04]} 5. c3 {[%emt 0:00:39]} d6 {[%emt 0:00:05]} 6. a4 { [%emt
0:00:19]} a6 {[%emt 0:00:02]} 7. O-O {[%emt 0:01:39]} Nf6 {[%emt 0:00:04] } 8.
d3 {[%emt 0:00:03]} O-O {[%emt 0:00:03]} 9. h3 {[%emt 0:02:02]} Ne7 { [%emt
0:00:04]} 10. Bg5 {[%emt 0:00:51]} Ng6 {[%emt 0:00:04]} 11. Nbd2 { [%emt
0:01:32]} h6 {[%emt 0:00:06]} 12. Bxf6 {[%emt 0:00:03]} Qxf6 {[%emt 0:00:05]}
13. Nb3 {[%emt 0:00:07]} Nf4 {[%emt 0:00:10]} 14. d4 {[%emt 0:00:18]} exd4
{[%emt 0:00:20]} 15. cxd4 {[%emt 0:00:36]} Qg6 {[%emt 0:00:15]} 16. Kh2 { [%emt
0:00:18]} Qxg2# {[%emt 0:00:08]} 0-1

[Event "DSJ Weihnachtsturnier U16: Lasker 2020"]
[Site ""]
[Date "2020.12.28"]
[Round "6"]
[White "Rennkamp, Johannes"]
[Black "Petzke, Julian"]
[Result "1-0"]
[Termination "normal"]
[Board "4.4"]
[WhiteElo "1603"]
[BlackElo "1514"]
[WhiteTeam "SC Turm Lüneburg"]
[BlackTeam "Schachgemeinschaft Leipzig"]
[PlyCount "77"]
[WhiteFideId "16268784"]
[BlackFideId "16244885"]
[EventRounds "7"]
[EventType "team-swiss"]
[EventDate "2020.12.28"]

1. d4 {[%emt 0:00:07]} e6 {[%emt 0:00:02]} 2. Nf3 { [%emt 0:00:04]} d5 {[%emt
0:00:01]} 3. c4 {[%emt 0:00:09]} Nf6 {[%emt 0:00:02]} 4. Bg5 {[%emt 0:00:06]}
Nbd7 {[%emt 0:00:06]} 5. Nc3 {[%emt 0:00:02]} dxc4 { [%emt 0:00:09]} 6. e4
{[%emt 0:00:07]} h6 {[%emt 0:00:09]} 7. Bh4 {[%emt 0:00:07]} Be7 {[%emt
0:00:04]} 8. Bxc4 {[%emt 0:00:09]} b6 {[%emt 0:00:08]} 9. O-O { [%emt 0:00:08]}
Bb7 {[%emt 0:00:03] .} 10. Re1 {[%emt 0:00:20]} O-O {[%emt 0:00:13] .} 11. e5
{[%emt 0:00:29]} Nh7 {[%emt 0:00:29] .} 12. Bxe7 {[%emt 0:00:03]} Qxe7 {[%emt
0:00:05] .} 13. Bd3 {[%emt 0:00:07]} Ng5 {[%emt 0:00:18] .} 14. Nxg5 {[%emt
0:00:14]} Qxg5 {[%emt 0:00:02] .} 15. Be4 {[%emt 0:00:04]} c6 { [%emt 0:00:24]
.} 16. Qc1 {[%emt 0:00:13]} Qg4 {[%emt 0:00:19] .} 17. Qd1 { [%emt 0:00:19]}
Qg5 {[%emt 0:00:23] .} 18. Qc1 {[%emt 0:00:13]} Qg4 {[%emt 0:00:09] .} 19. h3
{[%emt 0:00:03]} Qh4 {[%emt 0:00:08] .} 20. Qe3 {[%emt 0:00:25]} f5 {[%emt
0:00:23] .} 21. Bf3 {[%emt 0:00:11]} f4 {[%emt 0:00:31] .} 22. Qd3 {[%emt
0:00:15]} Rad8 {[%emt 0:00:34] .} 23. Qg6 {[%emt 0:00:08]} Rde8 { [%emt
0:00:36] .} 24. Qg4 {[%emt 0:00:49]} Qxg4 {[%emt 0:00:05] .} 25. Bxg4 { [%emt
0:00:02]} c5 {[%emt 0:00:22] .} 26. Nb5 {[%emt 0:00:27]} cxd4 {[%emt 0:00:25]
.} 27. Nd6 {[%emt 0:00:42]} Rb8 {[%emt 0:00:12] .} 28. Bxe6+ {[%emt 0:00:07]}
Kh8 {[%emt 0:00:06] .} 29. Bxd7 {[%emt 0:00:06]} Rfd8 {[%emt 0:01:17] . } 30.
Nxb7 {[%emt 0:00:04]} Rxb7 {[%emt 0:00:08] .} 31. Bc6 {[%emt 0:00:02]} Rc7
{[%emt 0:00:21] .} 32. Bf3 {[%emt 0:00:09]} Rc2 {[%emt 0:00:10] .} 33. Rab1
{[%emt 0:00:13]} d3 {[%emt 0:00:21] .} 34. e6 {[%emt 0:00:19]} Re8 {[%emt
0:00:10] .} 35. e7 {[%emt 0:00:13]} Kg8 {[%emt 0:00:12] .} 36. Bh5 {[%emt
0:00:08]} g6 {[%emt 0:00:11] .} 37. Bxg6 {[%emt 0:00:04]} Re2 {[%emt 0:00:33]
.} 38. Rxe2 {[%emt 0:00:17]} dxe2 {[%emt 0:00:15] .} 39. Bxe8 {[%emt 0:00:04]}
1-0

[Event "DSJ Weihnachtsturnier U16: Lasker 2020"]
[Site ""]
[Date "2020.12.28"]
[Round "6"]
[White "Falke, Philipp"]
[Black "Gallasch, Jonas"]
[Result "0-1"]
[Termination "normal"]
[Board "5.1"]
[WhiteElo "1334"]
[BlackElo "2112"]
[WhiteTeam "Post SV Uelzen"]
[BlackTeam "Schachgemeinschaft Porz"]
[PlyCount "66"]
[WhiteFideId "16294696"]
[BlackFideId "16222474"]
[EventRounds "7"]
[EventType "team-swiss"]
[EventDate "2020.12.28"]

1. e4 {[%emt 0:00:41]} c6 {[%emt 0:00:05] Uelzen2-001 kibitzing!?} 2. d4 {[%emt
0:00:06]} d5 {[%emt 0:00:00]} 3. exd5 { [%emt 0:00:05] Uelzen2-001 kibitzing!?}
cxd5 {[%emt 0:00:01] Uelzen2-001 kibitzing!?} 4. Nf3 {[%emt 0:00:05]} Nc6
{[%emt 0:00:01] Uelzen2-001 kibitzing!?} 5. Nc3 {[%emt 0:00:09]} Bg4 {[%emt
0:00:05]} 6. Be2 {[%emt 0:00:03] Uelzen2-001 received Ill MvData=9. c8-g4
(512cs)} e6 {[%emt 0:00:02]} 7. h3 {[%emt 0:00:01]} Bh5 {[%emt 0:00:02]
Uelzen2-001 received Ill MvData=11. e7-e6 (166cs) Uelzen2-001 kibitzing!?} 8.
Bf4 {[%emt 0:00:06]} a6 {[%emt 0:00:03]} 9. O-O {[%emt 0:00:02] Uelzen2-001
received Ill MvData=15. a7-a6 (322cs)} Nf6 { [%emt 0:00:05] Uelzen2-001
kibitzing!?} 10. Re1 {[%emt 0:00:23]} Be7 {[%emt 0:00:06] Uelzen2-001
kibitzing!?} 11. Ne5 {[%emt 0:00:18]} Bxe2 {[%emt 0:00:14] Uelzen2-001
kibitzing!?} 12. Nxe2 {[%emt 0:00:04]} Rc8 {[%emt 0:00:04] Uelzen2-001
kibitzing!?} 13. c3 {[%emt 0:00:05]} O-O {[%emt 0:00:03] Uelzen2-001
kibitzing!?} 14. Ng3 {[%emt 0:00:14]} b5 {[%emt 0:01:42] Uelzen2-001
kibitzing!?} 15. a3 {[%emt 0:00:33]} Nd7 {[%emt 0:00:09] Uelzen2-001
kibitzing!?} 16. Qg4 {[%emt 0:00:14]} Ncxe5 {[%emt 0:00:56] Uelzen2-001
kibitzing!?} 17. Bxe5 {[%emt 0:00:25]} Nxe5 {[%emt 0:00:07] Uelzen2-001
kibitzing!?} 18. Rxe5 {[%emt 0:00:11]} Bf6 {[%emt 0:00:07] Uelzen2-001
kibitzing!?} 19. Ree1 {[%emt 0:00:19]} g6 {[%emt 0:00:17] Uelzen2-001
kibitzing!?} 20. Nh5 {[%emt 0:00:15]} Be7 {[%emt 0:00:13] Uelzen2-001
kibitzing!?} 21. Re3 {[%emt 0:00:12]} Bd6 {[%emt 0:00:15] Uelzen2-001
kibitzing!?} 22. Rf3 {[%emt 0:00:23]} f5 {[%emt 0:00:07] Uelzen2-001
kibitzing!?} 23. Qf4 {[%emt 0:00:58]} Bxf4 {[%emt 0:00:09]} 24. Nxf4 {[%emt
0:00:00] Uelzen2-001 received Ill MvData=45. d6-f4 (855cs)} Re8 { [%emt
0:00:06] Uelzen2-001 kibitzing!?} 25. Re1 {[%emt 0:00:07]} Qd6 {[%emt 0:00:11]
Uelzen2-001 kibitzing!?} 26. Nd3 {[%emt 0:00:06]} a5 {[%emt 0:00:08]} 27. Rfe3
{[%emt 0:00:05] Porz6-001 kibitzing!? Uelzen2-001 : My f3e3 repeat.} Rc4 {[%emt
0:00:38] Uelzen2-001 kibitzing!?} 28. Nc5 {[%emt 0:00:10]} Rxc5 { [%emt
0:00:09]} 29. dxc5 {[%emt 0:00:02]} Qxc5 {[%emt 0:00:00] Uelzen2-001 received
Ill MvData=55. c4-c5 (854cs) Uelzen2-001 kibitzing!?} 30. Rxe6 { [%emt
0:00:27]} Rxe6 {[%emt 0:00:04]} 31. Rxe6 {[%emt 0:00:03]} d4 {[%emt 0:00:00]
Uelzen2-001 received Ill MvData=59. e8-e6 (436cs) Uelzen2-001 kibitzing!?} 32.
cxd4 {[%emt 0:00:09]} Qxd4 {[%emt 0:00:00] Uelzen2-001 kibitzing!?} 33. Re2
{[%emt 0:00:22]} Qd1+ {[%emt 0:00:09]} 0-1

[Event "DSJ Weihnachtsturnier U16: Lasker 2020"]
[Site ""]
[Date "2020.12.28"]
[Round "6"]
[White "Schulze, Max Peter"]
[Black "Bolz, Jannis"]
[Result "1-0"]
[Termination "time forfeit"]
[Board "5.3"]
[WhiteElo "1125"]
[BlackElo "1636"]
[WhiteTeam "Post SV Uelzen"]
[BlackTeam "Schachgemeinschaft Porz"]
[PlyCount "47"]
[WhiteFideId "16272200"]
[BlackFideId "16214897"]
[EventRounds "7"]
[EventType "team-swiss"]
[EventDate "2020.12.28"]

1. e4 {[%emt 0:00:12]} e5 {[%emt 0:00:02]} 2. Nf3 {[%emt 0:00:03]} Nc6 { [%emt
0:00:02]} 3. Bc4 {[%emt 0:00:02]} Bc5 {[%emt 0:00:03]} 4. c3 {[%emt 0:00:02]}
Nf6 {[%emt 0:00:03]} 5. d4 {[%emt 0:00:02]} exd4 {[%emt 0:00:03]} 6. cxd4
{[%emt 0:00:01]} Bb4+ {[%emt 0:00:01]} 7. Nc3 {[%emt 0:00:02]} Nxe4 {[%emt
0:00:10]} 8. O-O {[%emt 0:00:02]} Bxc3 {[%emt 0:00:03]} 9. d5 {[%emt 0:00:08]}
Bf6 {[%emt 0:00:20]} 10. dxc6 {[%emt 0:00:13]} bxc6 {[%emt 0:00:28]} 11. Qa4 {
[%emt 0:02:10]} O-O {[%emt 0:00:26]} 12. Bxf7+ {[%emt 0:00:16]} Rxf7 {[%emt
0:00:03]} 13. Qxe4 {[%emt 0:00:04]} d5 {[%emt 0:00:07]} 14. Qc2 {[%emt
0:00:06]} Bg4 {[%emt 0:00:18]} 15. Qxc6 {[%emt 0:01:26]} Bxf3 {[%emt 0:00:13]}
16. gxf3 { [%emt 0:00:03]} Be5 {[%emt 0:00:59]} 17. Re1 {[%emt 0:00:20]} Bd6
{[%emt 0:01:23]} 18. Be3 {[%emt 0:01:19]} Rb8 {[%emt 0:02:05]} 19. b3 {[%emt
0:01:19]} Qf6 {[%emt 0:01:40]} 20. Qxd5 {[%emt 0:00:20]} Qh4 {[%emt 0:00:57]}
21. Kf1 { [%emt 0:00:58]} Qxh2 {[%emt 0:00:17]} 22. Ke2 {[%emt 0:00:22]} Rd8
{[%emt 0:00:19]} 23. Rh1 {[%emt 0:00:12]} Qg2 {[%emt 0:00:13]} 24. Rag1 {[%emt
0:00:07] TimeB} 1-0

[Event "DSJ Weihnachtsturnier U16: Lasker 2020"]
[Site ""]
[Date "2020.12.28"]
[Round "6"]
[White "Laudwein, Jakob"]
[Black "Abu Laila, Faris"]
[Result "0-1"]
[Termination "time forfeit"]
[Board "5.4"]
[WhiteElo "1559"]
[BlackElo "1001"]
[WhiteTeam "Schachgemeinschaft Porz"]
[BlackTeam "Post SV Uelzen"]
[PlyCount "72"]
[WhiteFideId "16258487"]
[BlackFideId "34641424"]
[EventRounds "7"]
[EventType "team-swiss"]
[EventDate "2020.12.28"]

1. d4 {[%emt 0:00:04]} d5 {[%emt 0:00:03]} 2. c4 {[%emt 0:00:07]} dxc4 { [%emt
0:00:03]} 3. e3 {[%emt 0:00:18]} Nc6 {[%emt 0:00:09]} 4. Nc3 {[%emt 0:00:18]}
Nf6 {[%emt 0:00:05]} 5. Bxc4 {[%emt 0:00:04]} Bf5 {[%emt 0:00:08]} 6. Nf3
{[%emt 0:00:29]} e6 {[%emt 0:00:06]} 7. O-O {[%emt 0:00:37]} Bd6 {[%emt
0:00:20]} 8. Re1 {[%emt 0:00:16]} O-O {[%emt 0:00:22]} 9. h3 {[%emt 0:00:57]}
Ne4 { [%emt 0:00:05]} 10. Bd3 {[%emt 0:01:04]} Nxc3 {[%emt 0:00:17]} 11. bxc3 {
[%emt 0:00:05]} Bxd3 {[%emt 0:00:06]} 12. Qxd3 {[%emt 0:00:04]} h6 {[%emt
0:00:12]} 13. c4 {[%emt 0:00:40]} Nb4 {[%emt 0:00:08]} 14. Qb3 {[%emt 0:00:06]}
c5 { [%emt 0:00:18]} 15. a3 {[%emt 0:00:43]} Nc6 {[%emt 0:00:44]} 16. Qxb7
{[%emt 0:00:06]} Qb6 {[%emt 0:00:03]} 17. Qxb6 {[%emt 0:00:15]} axb6 {[%emt
0:00:03]} 18. Rb1 {[%emt 0:00:07]} Rfb8 {[%emt 0:00:16]} 19. d5 {[%emt
0:00:28]} Na5 { [%emt 0:00:36]} 20. Nd2 {[%emt 0:00:13]} Be5 {[%emt 0:00:29]}
21. Bb2 {[%emt 0:00:18]} Bxb2 {[%emt 0:00:24]} 22. Rxb2 {[%emt 0:00:04]} Kf8
{[%emt 0:00:23]} 23. Reb1 {[%emt 0:00:20]} Ra6 {[%emt 0:00:07]} 24. d6 {[%emt
0:00:28]} Ke8 { [%emt 0:00:06]} 25. e4 {[%emt 0:00:15]} e5 {[%emt 0:00:10]} 26.
Nf3 {[%emt 0:00:56]} f6 {[%emt 0:00:07]} 27. Rc2 {[%emt 0:00:11]} Nc6 {[%emt
0:00:25]} 28. Rc3 {[%emt 0:00:15]} Nd4 {[%emt 0:00:14]} 29. Nxd4 {[%emt
0:00:11]} cxd4 { [%emt 0:00:08]} 30. Rd3 {[%emt 0:00:03]} Kd7 {[%emt 0:00:22]}
31. Rb5 {[%emt 0:00:03]} Rc8 {[%emt 0:00:24]} 32. Rdb3 {[%emt 0:00:21]} Rc6
{[%emt 0:00:29]} 33. R3b4 {[%emt 0:00:29]} Rxd6 {[%emt 0:00:12]} 34. c5 {[%emt
0:00:07]} Rc6 { [%emt 0:00:07]} 35. cxb6 {[%emt 0:00:03]} Kc8 {[%emt 0:00:08]}
36. b7+ { [%emt 0:00:02]} Kb8 {[%emt 0:00:03] TimeW} 0-1

[Event "DSJ Weihnachtsturnier U16: Lasker 2020"]
[Site ""]
[Date "2020.12.28"]
[Round "6"]
[White "Wiedenbruch, Paul"]
[Black "Fuhrmann, Bahne"]
[Result "1-0"]
[Termination "normal"]
[Board "6.1"]
[WhiteElo "1894"]
[BlackElo "1849"]
[WhiteTeam "Düsseldorfer Schachklub 14/25"]
[BlackTeam "Hamburger SK von 1830 2"]
[PlyCount "75"]
[WhiteFideId "16207343"]
[BlackFideId "16244842"]
[EventRounds "7"]
[EventType "team-swiss"]
[EventDate "2020.12.28"]

1. e4 {[%emt 0:00:11]} e5 {[%emt 0:00:05]} 2. Nf3 {[%emt 0:00:02]} Nc6 { [%emt
0:00:03]} 3. d4 {[%emt 0:00:02]} exd4 {[%emt 0:00:02]} 4. Bc4 {[%emt 0:00:01]}
Nf6 {[%emt 0:00:02]} 5. e5 {[%emt 0:00:02]} d5 {[%emt 0:00:02]} 6. Bb5 {[%emt
0:00:04]} Ne4 {[%emt 0:00:02]} 7. Nxd4 {[%emt 0:00:01]} Bd7 {[%emt 0:00:13]} 8.
Bxc6 {[%emt 0:00:02]} bxc6 {[%emt 0:00:05]} 9. O-O {[%emt 0:00:02]} Bc5 {[%emt
0:00:14]} 10. f3 {[%emt 0:00:14]} Ng5 {[%emt 0:00:10]} 11. Be3 {[%emt 0:00:02]}
O-O {[%emt 0:00:11]} 12. f4 {[%emt 0:00:03]} Ne6 {[%emt 0:00:02]} 13. f5 {[%emt
0:00:08]} Nxd4 {[%emt 0:00:01]} 14. Bxd4 {[%emt 0:00:01]} Bxd4+ { [%emt
0:00:23]} 15. Qxd4 {[%emt 0:00:01]} Qg5 {[%emt 0:00:02]} 16. f6 {[%emt
0:00:42]} g6 {[%emt 0:01:01]} 17. Nd2 {[%emt 0:00:11]} h5 {[%emt 0:00:02]} 18.
Nf3 {[%emt 0:00:02]} Qg4 {[%emt 0:00:06]} 19. Qe3 {[%emt 0:00:04]} Kh7 { [%emt
0:00:04]} 20. Rae1 {[%emt 0:00:23]} Rfe8 {[%emt 0:00:38]} 21. h3 { [%emt
0:00:17]} Qb4 {[%emt 0:00:19]} 22. b3 {[%emt 0:00:35]} Qb6 {[%emt 0:00:17]} 23.
Nd4 {[%emt 0:00:29]} c5 {[%emt 0:00:10]} 24. Nf3 {[%emt 0:00:09]} c4 { [%emt
0:00:18]} 25. Nd4 {[%emt 0:00:04]} c5 {[%emt 0:00:03]} 26. Nf3 {[%emt 0:00:04]}
d4 {[%emt 0:00:25]} 27. Ng5+ {[%emt 0:00:05]} Kg8 {[%emt 0:00:06]} 28. Qf4
{[%emt 0:00:02]} cxb3 {[%emt 0:00:09]} 29. axb3 {[%emt 0:02:11]} c4 { [%emt
0:00:38]} 30. bxc4 {[%emt 0:00:44]} d3+ {[%emt 0:00:03]} 31. Kh1 { [%emt
0:00:01]} dxc2 {[%emt 0:00:15]} 32. Rc1 {[%emt 0:00:08]} Bc6 {[%emt 0:00:18]}
33. Rxc2 {[%emt 0:00:12]} Rad8 {[%emt 0:00:39]} 34. Nf3 {[%emt 0:00:06]} Bxf3
{[%emt 0:00:08]} 35. Qh6 {[%emt 0:00:10]} Bxg2+ {[%emt 0:00:07]} 36. Rxg2
{[%emt 0:00:00]} Qxf6 {[%emt 0:00:15]} 37. exf6 {[%emt 0:00:02]} Re1 {[%emt
0:00:03]} 38. Qg7# {[%emt 0:00:01]} 1-0